Bladee Discography - Statistics

General Stats
  • This quiz has been taken 300 times
  • The average score is 13 of 18
Answer Stats
Year Type Name % Correct
2014 Mixtape Gluee
98%
2016 Solo Album Eversince
91%
2018 Solo Album Red Light
87%
2018 Mixtape Icedancer
86%
2020 Solo Album 333
82%
2017 Collaborative Album D&G
82%
2017 Mixtape Working On Dying
82%
2022 Collaborative Album Crest
81%
2021 Solo Album The Fool
80%
2022 Solo Album Spiderr
79%
2019 Collaborative Album Trash Island
77%
2020 Mixtape Exeter
72%
2016 EP AvP
71%
2016 EP Rip Bladee
65%
2020 Collaborative Album Good Luck
58%
2018 EP Exile
28%
2018 EP Sunset In Silver City
26%
2020 Live Album Remote Utopias
7%
No matching quizzes found
Score Distribution
Percent of People with Each Score
Percentile by Number Answered
Your Score History
You have not taken this quiz